Plataformas de transporte para videoconferencia ISDN y ATM.
Guardado en:
| Hovedforfatter: | |
|---|---|
| Format: | Bog |
| Udgivet: |
San José, C.R.
1996
|
| Fag: | |
| Tags: |
Tilføj Tag
Ingen Tags, Vær først til at tagge denne postø!
|
MARC
| LEADER | 00000nam a2200000Ia 4500 | ||
|---|---|---|---|
| 003 | 008055 | ||
| 005 | 20221231144237.0 | ||
| 008 | 140114s1996 cr a m 000 ||s d | ||
| 040 | |c cru CEDI | ||
| 090 | |a TFG 3543 | ||
| 100 | |a Bolívar Sánchez, José Jenaro |9 9821 | ||
| 245 | |a Plataformas de transporte para videoconferencia ISDN y ATM. | ||
| 260 | |c 1996 |a San José, C.R. | ||
| 300 | |a ix, 72 páginas : ilustraciones. | ||
| 500 | |a Proyecto de graduación (bachillerato en ingeniería eléctrica)--Universidad de Costa Rica. Facultad de Ingeniería. Escuela de Ingeniería Eléctrica | ||
| 650 | |x SISTEMAS DE TRANSMISION DE DATOS |x ELECTRONICA DIGITAL |x MODO DE TRANSFERENCIA ASINCRONO |9 9822 | ||
| 942 | |c TFG | ||
| 999 | |c 18979 |d 18979 | ||
